00785nam a2200229 a 4500008004100000020002200041245013800063260003700201300003300238500002000271504004100291650003100332650002500363650003400388650003900422700002400461700002300485700002000508003000100528005001700529040000900546  a0881677779 (pbk.)04aThe Large intestine :bphysiology pathophysiology and disease /ceditted by Sidney F. Phillips, John H. Pemberton and Roy G. Shorter. aNew York :bRaven Press,cc1991. axv, 905 p. :bill. ;c29 cm. aIncludes index. aIncludes bibliographical references. 0aColon (Anatomy)xDiseases. 2aIntestinal Diseases. 2aIntestine, Largexphysiology. 2aIntestine, Largexphysiopathology. aPhillips, Sidney F. aPemberton, John H. aShorter, Roy G.20230120204044.0 cNUST